000 00573nam a2200217Ia 4500
008 200601s9999 xx 000 0 und d
020 _a978-142310334-9
050 _aFIC R56
050 _b2006 b.2
100 _aRiordan, Rick.
245 0 _aPercy Jackson and the olympians :
245 4 _bthe sea of monsters /
245 0 _cRick Riordan.
260 _aNew York :
260 _bDisney Hyperion,
260 _c2006
300 _a279 pages :
300 _c19 cm.
440 _aPercy Jackson and the olympians; book 2
650 _aMythology, Greek -- Fiction.
999 _c363162
_d363162